000
00325nam a2200133Ia 4500
005
20251222143108.0
008
251222s9999||||xx |||||||||||||| ||spa||
082
_a
749.298/T25
100
_a
Taullard, A.
245
0
_a
El Mueble Colonial Sudamericano
250
_a
1ra.ed.
264
_b
Ediciones Peuser, S.A.
942
_c
LIB
999
_c
11067
_d
11067